Most Streamed Korn Songs on Spotify - Statistics

General Stats
  • This quiz has been taken 15 times
  • The average score is 13 of 22
Answer Stats
Streams Song % Correct
735,530,317 Freak On a Leash
100%
297,338,746 Blind
93%
131,436,961 A.D.I.D.A.S.
86%
524,555,310 Coming Undone
86%
355,644,423 Got the Life
86%
178,051,677 Here to Stay
86%
107,226,310 Twist
86%
414,463,129 Falling Away from Me
79%
76,842,933 All In the Family
64%
67,461,519 Did My Time
64%
111,734,256 Right Now
64%
230,919,224 Y'all Want a Single
64%
97,939,250 Make Me Bad
57%
67,720,030 Shoots and Ladders
57%
74,337,033 Somebody Someone
57%
199,844,094 Word Up!
43%
67,518,179 Good God
36%
63,107,227 Rotting In Vain
29%
65,887,075 A Different World
21%
126,036,762 Narcissistic Cannibal
14%
83,592,587 Get Up!
7%
255,377,990 Twisted Translator
0%
No matching quizzes found
Score Distribution
Percent of People with Each Score
Percentile by Number Answered
Your Score History
You have not taken this quiz